Discrete Algorithmic Mathematics

Saved in:
Bibliographic Details
Main Author: Maurer, Stephen B.
Other Authors: Ralston, Anthony
Format: Book
Language:English
Published: Reading, Mass. : Addison-Wesley, c1991
Subjects:
Tags: Add Tag
No Tags, Be the first to tag this record!

MARC

LEADER 00000nam a2200000 i 4500
001 1/39836
008 950207s1991 eng d
020 |a 0-201-15585-0 
035 |a 1995  |c ΒΙΒΛΙΟΘΗΚΗ  |l 10041106 
040 |a GR-MY-UA  |b gre  |e aacr 
041 0 |a eng 
082 0 |a 511.30285 
100 1 |a Maurer, Stephen B. 
245 1 0 |a Discrete Algorithmic Mathematics /  |c Stephen B. Maurer and Anthony Ralston 
260 |a Reading, Mass. :   |b Addison-Wesley,   |c c1991 
300 |a 834 p.;  |b ill.;  |c 24 cm. 
500 |a Includes index 
650 0 0 |a Mathematics. 
650 0 0 |a Computer science  |x Mathematics. 
700 1 |a Ralston, Anthony. 
852 |a INST  |b SAMOS  |e 19950207  |h 511.30285 MAU  |p 005300006134  |q 005300006134  |t BK  |y 0 
909 |a Σ  |b 038660